|
|
|
|
| LEADER |
01405nam a2200385 4500 |
| 001 |
ocn868957681 |
| 003 |
OCoLC |
| 005 |
20180501122016.0 |
| 006 |
m o d |
| 007 |
cr mnu---uuaaa |
| 008 |
131104t20142014ne a oab 001 0deng |
| 040 |
|
|
|a AU@
|b eng
|e rda
|e pn
|c AU@
|d OCLCO
|d YDXCP
|d CUS
|d OPELS
|d OCLCF
|d OCLCQ
|d MEU
|d GrThAP
|
| 020 |
|
|
|a 9780124167421
|q (hbk)
|
| 020 |
|
|
|a 012416742X
|q (hbk)
|
| 035 |
|
|
|a (OCoLC)868957681
|
| 050 |
|
4 |
|a QH581.2
|b .M537 2014eb
|
| 082 |
0 |
4 |
|a 571.6
|2 23
|
| 049 |
|
|
|a TEFA
|
| 245 |
0 |
0 |
|a Micropatterning in Cell Biology.
|n Part A /
|c edited by Matthieu Piel and Manuel Théry.
|
| 264 |
|
1 |
|a Amsterdam :
|b Academic Press,
|c [2014]
|
| 264 |
|
4 |
|c ©2014
|
| 300 |
|
|
|a 1 online resource (xxii, 332 pages) :
|b colour illustrations.
|
| 336 |
|
|
|a text
|b txt
|2 rdacontent
|
| 337 |
|
|
|a computer
|b c
|2 rdamedia
|
| 338 |
|
|
|a online resource
|b cr
|2 rdacarrier
|
| 490 |
1 |
|
|a Methods in cell biology ;
|v v. 119
|
| 546 |
|
|
|a Text in English.
|
| 588 |
0 |
|
|a Online resource; title from PDF title page (ScienceDirect, viewed February 14, 2014).
|
| 650 |
|
0 |
|a Cytology.
|
| 650 |
|
7 |
|a Cytology.
|2 fast
|0 (OCoLC)fst00886282
|
| 655 |
|
4 |
|a Electronic books.
|
| 700 |
1 |
|
|a Piel, Matthieu,
|e editor.
|
| 700 |
1 |
|
|a Théry, Manuel,
|e editor.
|
| 830 |
|
0 |
|a Methods in cell biology ;
|v v. 119.
|
| 856 |
4 |
0 |
|u https://www.sciencedirect.com/science/bookseries/0091679X/119
|z Full Text via HEAL-Link
|